MARC

LEADER 00000nab a2200000 4500
001 vtls011768691
003 SK-MaSNL
005 20260303230445.0
008 180724c2018 xo zr|p || ||00 c0ukr
015 |a SNBRB2018/07 
038 |a SVKPOCL 
040 |a SVKPOCL  |b slo  |c SVKPOCL  |e rda 
041 0 |a ukr 
044 |a xo  |c SK 
072 7 |a 821.161  |x Východoslovanské literatúry  |2 konspekt 
080 |a 821.161.2-1  |2 2011 
080 |a 821.161.2-1-053.2  |2 2011 
080 |a 821.161.2-93  |2 2011 
100 1 |a Strutyns'kyj, Vasyľ Mykolajovyč,  |d 1946-2003  |4 aut  |9 1264365 
245 1 0 |a Sonce knyžku rozhortaje  |c Vasyľ Strutyns'kyj 
336 |a text  |b txt  |2 rdacontent 
337 |a bez média  |b n  |2 rdamedia 
338 |a zväzok  |b nc  |2 rdacarrier 
500 |a V rubrike Žyve naša mova 
500 |a Doplňujúce údaje sú prevzaté z Wikipediji 
650 0 7 |a ukrajinská poézia  |2 SNKPH  |9 59029 
650 0 7 |a ukrajinská literatúra  |2 SNKPH  |9 1218 
650 0 7 |a poézia pre deti  |2 SNKPH  |9 31212 
650 0 7 |a literatúra pre deti  |2 SNKPH  |9 55721 
773 0 |t Veselka  |g Roč. 66, č. 10 (2017/2018), s. 6 
852 |a SVKPO  |b KIS3GCP 
856 4 2 |u https://uk.wikipedia.org/wiki/Струтинський_Василь_Миколайович 
958 |a UA 
958 |a SS 
958 |a LX 
999 |c 2262113  |d 2264043